000 00758nam a2200253Ia 4500
003 OSt
005 20220926012822.0
006 a|||||r|||| 00| 0
007 ta
008 220923b |||||||| |||| 00| 0 eng d
020 _a0783804571
_c2280.46
037 _b1418, 07/02/2001,
_cGeneral Book
040 _aRTL
_cRTL
_beng
041 _2eng
_aeng
082 _aPxN15:g, P0
100 _aKnight Diana Ed.
_9155662
245 0 _aCritical essays on ronald brothres
260 _aNew York
_bG K Hall U S A
_c2000
300 _aix, 314p. Bib p.305-07
_ccm.
490 _aCritical Essays on World Literature
650 _aLinguistics
942 _hPxN15:g, P0
_cGB
_2CC
999 _c624416
_d624416